Riconosci il Pokémon - Quiz n°517 - Statistics

Statistiche generali
  • Questo quiz è stato fatto 2 volte
  • Il punteggio medio è 6 su 10
Statistiche sulle risposte
Indizio Risposta % Corretto
Abilità Aiutofuoco; Libero
100%
Tipo Fuoco
100%
Generazione Ottava
100%
Altezza 0,3 m
50%
Tasso di cattura 45 (11.9%)
50%
Peso 4,5 kg
50%
Sesso 87.5% ♂, 12.5% ♀
50%
Stadio evoluzione Forma Base
50%
Tasso di allevamento Medio-Lento
50%
Pokémon Scorbunny
0%
Nessun quiz corrispondente trovato
Distribuzione punteggi
Percentuale di utenti per punteggio
Percentile per numero di risposta
I tuoi punteggi nel tempo
Non hai fatto questo quiz